|
|
|
|
| LEADER |
01020nam a2200265 a 4500 |
| 001 |
11964672 |
| 008 |
090531s1999 enka b 001 0 eng d |
| 010 |
|
|
|a 00302871
|
| 020 |
|
|
|a 0852969368
|
| 040 |
|
|
|a UKM
|c UKM
|d GZM
|d IQU
|d DLC
|
| 082 |
0 |
0 |
|a 384/.041
|2 21
|
| 100 |
1 |
|
|a Wheatley, Jeffery J.
|
| 245 |
1 |
0 |
|a World telecommunications economics /
|c Jeffery J. Wheatley.
|
| 246 |
3 |
0 |
|a Telecommunications economics
|
| 260 |
|
|
|a London :
|b Institution of Electrical Engineers,
|c c1999.
|
| 300 |
|
|
|a xxiii, 476 p. :
|b ill. ;
|c 24 cm.
|
| 490 |
1 |
|
|a IEE telecommunications series ;
|v 41
|
| 504 |
|
|
|a Includes bibliographical references and index.
|
| 541 |
1 |
|
|e 00018205
|
| 650 |
|
0 |
|a Telecommunication.
|
| 650 |
|
4 |
|a Telecommunication
|x Economic aspects.
|
| 710 |
2 |
|
|a Institution of Electrical Engineers.
|
| 852 |
4 |
|
|a Ayesha Abed Library
|j General Shelf.
|
| 999 |
|
|
|c 1028
|d 1028
|
| 952 |
|
|
|0 0
|1 0
|2 ddc
|4 0
|6 384_041000000000000_WHE_1999
|7 0
|9 935
|a BRACUL
|b BRACUL
|c GEN
|d 2009-06-24
|l 0
|o 384.041 WHE
|p 3010018205
|r 2009-06-24
|t 1
|w 2009-06-24
|y BK
|